The 25 best NFL players of all time according to ChatGPT - Statistics

General Stats
  • This quiz has been taken 39 times
  • The average score is 11 of 25
Answer Stats
Answer % Correct
1. Tom Brady
94%
2. Jerry Rice
86%
5. Joe Montana
72%
6. Peyton Manning
69%
12. Barry Sanders
67%
14. Patrick Mahomes
67%
9. Deion Sanders
64%
18. Emmitt Smith
64%
13. Ray Lewis
64%
4. Lawrence Taylor
58%
20. Dan Marino
56%
3. Jim Brown
50%
15. Brett Favre
47%
7. Reggie White
36%
11. Johnny Unitas
31%
8. Walter Payton
31%
10. Aaron Donald
28%
19. Mean Joe Greene
28%
16. Dick Butkus
17%
23. Rod Woodson
17%
24. Ronnie Lott
17%
22. Alan Page
11%
21. Gale Sayers
6%
25. Mike Singletary
6%
17. Bronko Nagurski
3%
No matching quizzes found
Score Distribution
Percent of People with Each Score
Percentile by Number Answered
Your Score History
You have not taken this quiz